Finančný blahobyt marginalizovaných skupín

Salvato in:
Dettagli Bibliografici
Autore principale: Ilenčíková, Katarína, 1999-
Natura: Capitolo di libro
Lingua:slovacco
Tags: Aggiungi Tag
Nessun Tag, puoi essere il primo ad aggiungerne!!

MARC

LEADER 00000naa a2200000 4500
001 0311745
005 20250730100548.1
041 0 |a slo 
044 |a SK 
245 1 0 |a Finančný blahobyt marginalizovaných skupín  |c Katarína Ilenčíková 
100 1 |a Ilenčíková, Katarína, 1999-